000 00495nam a2200169Ia 4500
008 090711s9999 xx 000 0 und d
082 _b1620
100 _aSाुयेकर शरद
245 _aरानगूज
260 _bकॉन्टीनेन्टल प्रकाशन
_c1997
300 _a69
600 _aSाुयेकर शरद
630 _aरानगूज
700 _aSाुयेकर शरद
730 _aरानगूज
942 _cBOOK
999 _c325094
_d325094